000 00586nam a2200229Ia 4500
001 dia_1521
003 CHAP
005 20251021145220.0
008 220117s1951 xx 000 0 und d
010 _a172063
040 _cCHAP
082 _a621.381 M5
100 _aMallan, Jacob
_9150924
240 _aElectronics
245 _aElectronics /
_c by Jacob Millan [et al]
260 _aNew York, Macgraw - Hill
_c1951
300 _a598 p
901 _a621.381 M5
902 _aM
905 _a0000001951 EUAA 0000000000ING00
942 _cLIBRO
_2ddc
999 _c172063
_d172063